| 000 | 00839cam a22002775a 4500 | ||
|---|---|---|---|
| 001 | 013006802 | ||
| 003 | OSt | ||
| 005 | 20160124151213.0 | ||
| 008 | 040923s2004 ne a frb 001 0 eng d | ||
| 020 | _a0080443060 (hbk.) | ||
| 020 | _a9780080443065 | ||
| 040 |
_aStDuBDS _beng _dIeDuTC _dUk _dEG-ScBUE |
||
| 082 | 0 | 4 |
_a338.47910688 _222 _bPIK |
| 100 | 1 |
_aPike, Steven. _938109 |
|
| 245 | 1 | 0 |
_aDestination marketing organisations / _cby Steven Pike. |
| 260 |
_aAmsterdam : _bElsevier, _c2004. |
||
| 300 |
_a240 p. : _bill. ; _c25 cm. |
||
| 490 | 0 | _aAdvances in tourism research series. | |
| 500 | _aIncludes indexes. | ||
| 504 | _aBibliography : p. 197-219. | ||
| 650 | 7 |
_aPlace marketing. _2BUEsh _939165 |
|
| 650 | 7 |
_aTourism _xMarketing. _2BUEsh _919243 |
|
| 651 | _2BUEsh | ||
| 653 |
_bBUSADM _cJune2015 _cJanuary2016 |
||
| 942 | _2ddc | ||
| 999 |
_c20057 _d20029 |
||